<?xml version="1.0" encoding="UTF-8"?>
<collection xmlns="http://www.loc.gov/MARC21/slim">
 <record>
  <leader>07028nam a2200457 a 4500</leader>
  <controlfield tag="001">kal1832</controlfield>
  <controlfield tag="003">Gr-AtHEAL</controlfield>
  <controlfield tag="005">20160505184015.0</controlfield>
  <controlfield tag="006">m        d        </controlfield>
  <controlfield tag="008">160413s2015    gr      s           gre|c</controlfield>
  <datafield tag="020" ind1=" " ind2=" ">
   <subfield code="a">9789606030475</subfield>
  </datafield>
  <datafield tag="040" ind1=" " ind2=" ">
   <subfield code="a">GR-AtHEAL</subfield>
   <subfield code="b">gre</subfield>
   <subfield code="c">GR-AtHEAL</subfield>
  </datafield>
  <datafield tag="082" ind1="0" ind2="4">
   <subfield code="a">616.07</subfield>
   <subfield code="2">23</subfield>
  </datafield>
  <datafield tag="100" ind1="1" ind2=" ">
   <subfield code="a">Βεντούρας, Ερρίκος-Χάϊμ.</subfield>
   <subfield code="8">377</subfield>
  </datafield>
  <datafield tag="245" ind1="1" ind2="0">
   <subfield code="a">Τεχνολογία της in-vivo διαγνωστικής - Διατάξεις απαγωγής βιοηλεκτρικών σημάτων</subfield>
   <subfield code="h">[Ηλεκτρονικός πόρος] </subfield>
   <subfield code="c">Βεντούρας, Ερρίκος-Χάϊμ ; Κριτικός αναγνώστης,Σπυρόπουλος, Βασίλειος ; Τεχνική επιμέλεια,Σταυρουλάκης,Πέτρος.</subfield>
  </datafield>
  <datafield tag="260" ind1=" " ind2=" ">
   <subfield code="a">Αθήνα :</subfield>
   <subfield code="b">Σύνδεσμος Ελληνικών Ακαδημαϊκών Βιβλιοθηκών,</subfield>
   <subfield code="c">c2015.</subfield>
  </datafield>
  <datafield tag="490" ind1=" " ind2=" ">
   <subfield code="a">Ακαδημαϊκά Ηλεκτρονικά Συγγράμματα και Βοηθήματα Κάλλιπος</subfield>
   <subfield code="8">40</subfield>
  </datafield>
  <datafield tag="505" ind1="0" ind2=" ">
   <subfield code="a">Πίνακας Συντομεύσεων – Ακρωνυμίων – ΓλωσσάριοΕΙΣΑΓΩΓΗ1. ΦΑΙΝΟΜΕΝΑ ΙΟΝΤΙΚΩΝ ΡΕΥΜΑΤΩΝ ΣΤΑ ΚΥΤΤΑΡΑ2. ΗΛΕΚΤΡΟΔΙΑ ΑΠΑΓΩΓΗΣ ΒΙΟΗΛΕΚΤΡΙΚΩΝ ΣΗΜΑΤΩΝ3. ΒΙΟΕΝΙΣΧΥΤΕΣ4. ΗΛΕΚΤΡΟΚΑΡΔΙΟΓΡΑΦΙΚΕΣ ΔΙΑΤΑΞΕΙΣ5. ΗΛΕΚΤΡΟΕΓΚΕΦΑΛΟΓΡΑΦΙΚΕΣ ΔΙΑΤΑΞΕΙΣ6. ΗΛΕΚΤΡΟΜΥΟΓΡΑΦΙΚΕΣ ΔΙΑΤΑΞΕΙΣ7. ΗΛΕΚΤΡΟΟΦΘΑΛΜΟΓΡΑΦΙΚΕΣ ΔΙΑΤΑΞΕΙΣΠΑΡΑΡΤΗΜΑ: ΑΣΚΗΣΕΙΣ ΑΥΤΟΑΞΙΟΛΟΓΗΣΗΣ</subfield>
  </datafield>
  <datafield tag="520" ind1=" " ind2=" ">
   <subfield code="a">To σύγγραμμα καλύπτει το αντικείμενο των in-vivo διαγνωστικών διατάξεων, συσκευών και συστημάτων, που χρησιμοποιούνται στην απαγωγή και επεξεργασία βιοηλεκτρικών σημάτων. Η μελέτη των διαφόρων τεχνολογικών συστημάτων περιλαμβάνει την παρουσίαση των βιολογικών αρχών στις οποίες στηρίζεται η παραγωγή του βιοηλεκτρικού σήματος, την παρουσίαση και ανάλυση των αρχών της φυσικής στις οποίες στηρίζεται η λειτουργία του συστήματος απαγωγής και, το σημαντικότερο, την μελέτη των τεχνολογικών εφαρμογών των αρχών αυτών, οι οποίες δίνουν τελικά ένα τυπικό ολοκληρωμένο σύστημα καταγραφής του ηλεκτρικού βιοσήματος. Απευθύνεται σε προπτυχιακούς και μεταπτυχιακούς φοιτητές που ασχολούνται, από την σκοπιά της τεχνολογικής εξειδίκευσης, με το αντικείμενο της Βιοϊατρικής Τεχνολογίας, παρέχοντας όμως και όσες γνώσεις χρειάζονται από την φυσιολογία των συστημάτων του ανθρώπινου οργανισμού που παράγουν τα βιοηλεκτρικά σήματα, για την κατανόηση των λειτουργικών τεχνικών απαιτήσεων των in-vivo διαγνωστικών διατάξεων. Τα κεφάλαια τα οποία καλύπτει το σύγγραμμα είναι τα φαινόμενα ιοντικών ρευμάτων στα κύτταρα, τα ηλεκτρόδια απαγωγής βιοσημάτων, ζητήματα βιοενισχυτών με έμφαση στις απαιτήσεις των ιατρικών ηλεκτρονικών και η ανάλυση των τυπικών διατάξεων και συστημάτων ηλεκτροκαρδιογραφίας, ηλεκτροεγκεφαλογραφίας, ηλεκτρομυογραφίας και ηλεκτροοφθαλμογραφίας. Ιδιαίτερη έμφαση δίνεται σε πρωτοποριακές μη επεμβατικές τεχνικές καταγραφής ηλεκτρικών βιοσημάτων, μέσω των οποίων είναι δυνατή η παραγωγή εικόνων της ηλεκτρικής λειτουργίας ιστών του σώματος. Αναλύεται το θεωρητικό φυσικομαθηματικό υπόβαθρο των τεχνικών και παρουσιάζονται εφαρμογές σε σύγχρονα συστήματα τομογραφικής απεικόνισης της ηλεκτρικής δραστηριότητα του εγκεφάλου.</subfield>
  </datafield>
  <datafield tag="650" ind1=" " ind2="0">
   <subfield code="a">Collection In vivo/in vitro</subfield>
   <subfield code="8">2805</subfield>
  </datafield>
  <datafield tag="650" ind1=" " ind2="0">
   <subfield code="a">Medical physics.</subfield>
   <subfield code="8">2806</subfield>
  </datafield>
  <datafield tag="653" ind1=" " ind2=" ">
   <subfield code="a">Ηλεκτροκαρδιογράφος</subfield>
  </datafield>
  <datafield tag="653" ind1=" " ind2=" ">
   <subfield code="a">Ηλεκτροοφθαλμογράφος</subfield>
  </datafield>
  <datafield tag="653" ind1=" " ind2=" ">
   <subfield code="a">Ηλεκτρομυογράφος</subfield>
  </datafield>
  <datafield tag="653" ind1=" " ind2=" ">
   <subfield code="a">Ηλεκτροεγκεφαλογράφος</subfield>
  </datafield>
  <datafield tag="653" ind1=" " ind2=" ">
   <subfield code="a">Διαγνωστικά μηχανήματα</subfield>
  </datafield>
  <datafield tag="653" ind1=" " ind2=" ">
   <subfield code="a">Ιατρικά ηλεκτρονικά</subfield>
  </datafield>
  <datafield tag="653" ind1=" " ind2=" ">
   <subfield code="a">Βιοηλεκτρισμός</subfield>
  </datafield>
  <datafield tag="653" ind1=" " ind2=" ">
   <subfield code="a">Βιοϊατρική τεχνολογία</subfield>
  </datafield>
  <datafield tag="653" ind1=" " ind2=" ">
   <subfield code="a">Ψυχολογία</subfield>
   <subfield code="a">Φυσιολογική ψυχολογία και νευροεπιστήμη</subfield>
   <subfield code="a">Ηλεκτροφυσιολογία</subfield>
  </datafield>
  <datafield tag="653" ind1=" " ind2=" ">
   <subfield code="a">Τεχνολογία και επιστήμες μηχανικών</subfield>
   <subfield code="a">Ιατρική τεχνολογία και μηχανική</subfield>
   <subfield code="a">Βιοϊατρική τεχνολογία και εμβιομηχανική</subfield>
  </datafield>
  <datafield tag="653" ind1=" " ind2=" ">
   <subfield code="a">Τεχνολογία και επιστήμες μηχανικών</subfield>
   <subfield code="a">Ιατρική τεχνολογία και μηχανική</subfield>
   <subfield code="a">Ιατρικά μηχανήματα</subfield>
  </datafield>
  <datafield tag="653" ind1=" " ind2=" ">
   <subfield code="a">Τεχνολογία και επιστήμες μηχανικών</subfield>
   <subfield code="a">Ιατρική τεχνολογία και μηχανική</subfield>
   <subfield code="a">Ιατρικά όργανα</subfield>
  </datafield>
  <datafield tag="653" ind1=" " ind2=" ">
   <subfield code="a">Φυσική</subfield>
   <subfield code="a">Διαθεματικες περιοχές της φυσικής και συναφείς τομείς της επιστήμης και της τεχνολογίας</subfield>
   <subfield code="a">Βιοφυσική και ιατρική φυσική</subfield>
  </datafield>
  <datafield tag="653" ind1=" " ind2=" ">
   <subfield code="a">Επιστήμες της ζωής</subfield>
   <subfield code="a">Μοριακές βιοεπιστημες</subfield>
   <subfield code="a">Βιοηλεκτρισμός</subfield>
  </datafield>
  <datafield tag="700" ind1="1" ind2=" ">
   <subfield code="a">Σπυρόπουλος, Βασίλειος</subfield>
   <subfield code="e">Κριτικός αναγνώστης</subfield>
   <subfield code="8">378</subfield>
  </datafield>
  <datafield tag="856" ind1="4" ind2="0">
   <subfield code="u">http://hdl.handle.net/11419/1832</subfield>
   <subfield code="z">Πλήρες Κείμενο - Full text</subfield>
  </datafield>
  <datafield tag="907" ind1=" " ind2=" ">
   <subfield code="a">.b25680067</subfield>
   <subfield code="b">12-06-18</subfield>
   <subfield code="c">29-07-16</subfield>
  </datafield>
  <datafield tag="949" ind1=" " ind2=" ">
   <subfield code="0">0</subfield>
   <subfield code="1">0</subfield>
   <subfield code="2">ddc</subfield>
   <subfield code="4">0</subfield>
   <subfield code="6">616_070000000000000_ΒΕΝ</subfield>
   <subfield code="7">0</subfield>
   <subfield code="8">KALL</subfield>
   <subfield code="8">765</subfield>
   <subfield code="d">2016-04-13</subfield>
   <subfield code="r">2016-04-13</subfield>
   <subfield code="w">2016-04-13</subfield>
   <subfield code="z">616.07 ΒΕΝ</subfield>
   <subfield code="o">SEAB KALLIPOS</subfield>
  </datafield>
  <datafield tag="998" ind1=" " ind2=" ">
   <subfield code="a">80</subfield>
   <subfield code="a">01</subfield>
   <subfield code="a">02</subfield>
   <subfield code="a">03</subfield>
   <subfield code="a">04</subfield>
   <subfield code="a">05</subfield>
   <subfield code="a">06</subfield>
   <subfield code="a">07</subfield>
   <subfield code="a">08</subfield>
   <subfield code="a">09</subfield>
   <subfield code="a">10</subfield>
   <subfield code="a">11</subfield>
   <subfield code="a">13</subfield>
   <subfield code="a">14</subfield>
   <subfield code="a">15</subfield>
   <subfield code="a">16</subfield>
   <subfield code="a">17</subfield>
   <subfield code="a">18</subfield>
   <subfield code="a">19</subfield>
   <subfield code="a">20</subfield>
   <subfield code="a">21</subfield>
   <subfield code="a">22</subfield>
   <subfield code="a">23</subfield>
   <subfield code="a">24</subfield>
   <subfield code="a">25</subfield>
   <subfield code="a">26</subfield>
   <subfield code="b">16-05-17</subfield>
   <subfield code="c">m</subfield>
   <subfield code="d">z  </subfield>
   <subfield code="e">-</subfield>
   <subfield code="f">gre</subfield>
   <subfield code="g">gr </subfield>
   <subfield code="h">0</subfield>
  </datafield>
  <datafield tag="942" ind1=" " ind2=" ">
   <subfield code="2">ddc</subfield>
   <subfield code="c">KALLIPOS</subfield>
  </datafield>
 </record>
</collection>
